000 00308cam a22001097a 4500
008 180718b1983 xxu||||| |||| 00| 0 eng d
082 _aTooo Un3n
100 _aPerroux, Francois
245 _aNew concept of development: basic tenets
_cby Francois Perroux
260 _aLondon
_bCroomhelm
_c1983
300 _a212p
999 _c496685
_d496685